zpět

Detail výsledku týmu

Tipgames Bar, Bruntál

Datum a čas kvízu

17.5 Celkem bodů Celkový počet nahraných bodů na tomto kvízu bez doplňovacích otázek.
5. Pořadí na kvízu Konečné umístění týmu na tomto kvízu.

Zaznamenané odpovědi

# Otázka Odpověď Body Výsledky
1. Pražský Cross Club lákal zákaz... natáčením studentského filmu 0
2. Strana hájící zájmy původních... Nový Zéland 0
3. Ačkoli je tento formát celosvě... Polda 1
4. Čtenáři serveru Aktuálně.cz hl... T-Mobile 1
5. Uruguayský fotbalista Luis Suá... italštinu 1
6. Podle zdroje vody se rybníky d... říční rybník 0
7. Na obrázku vidíme u nás velmi... okoun 0
8. Největší český rybník mimo již... Máchovo jezero, též (Velký) Dokeský rybník 0
9. Většina rybníků disponuje jist... česle / česlice 0
10. Dle návrhu Štěpánka Netolickéh... Zlatá stoka 0